书目信息 |
| 题名: |
物理化学导学
|
|
| 作者: | 陈亚芍 主编 | |
| 分册: | ||
| 出版信息: | 北京 科学出版社 2006 |
|
| 页数: | 418页 | |
| 开本: | 24cm | |
| 丛书名: | ||
| 单 册: | ||
| 中图分类: | O64 | |
| 科图分类: | ||
| 主题词: | 物理化学--研究生--入学考试--学习参考资料 | |
| 电子资源: | ||
| ISBN: | 7-03-017245-0 | |
| 000 | 00862nam0 2200253 45 | |
| 001 | 012004073752 | |
| 005 | 20070805104655.51 | |
| 009 | 012004073752 | |
| 010 | @a7-03-017245-0@dCNY36.00 | |
| 035 | @a(110020)012006044971 | |
| 100 | @a20060921d2006 em y0chiy0110 ea | |
| 101 | 0 | @achi |
| 102 | @aCN@b110000 | |
| 105 | @ay z 000yy | |
| 106 | @ar | |
| 200 | 1 | @a物理化学导学@Awu li hua xue dao xue@e复习导引·例题解析·考研训练@Efu xi dao yin· li ti jie xi· kao yan xun lian@f陈亚芍主编@Fchen ya shao zhu bian |
| 210 | @a北京@c科学出版社@d2006 | |
| 215 | @a418页@d24cm | |
| 330 | @a本书共分14章,每章内容主要分四个部分:学习指导、典型例题解析、自测题和自测题参考答案与分析。 | |
| 606 | 0 | @a物理化学@x研究生@x入学考试@j学习参考资料 |
| 690 | @aO64@v4 | |
| 701 | 0 | @a陈亚芍@Achen ya shao@4主编 |
| 801 | 0 | @aCN@b110020@c20070805 |
| 905 | @dO64@e116@f12 | |
| 物理化学导学:复习导引·例题解析·考研训练/陈亚芍主编.-北京:科学出版社,2006 |
| 418页;24cm |
| ISBN 7-03-017245-0:CNY36.00 |
| 本书共分14章,每章内容主要分四个部分:学习指导、典型例题解析、自测题和自测题参考答案与分析。 |
| ● |
| 相关链接 |
|
|
|
|
正题名:物理化学导学
索取号:O64/116
 
预约/预借
| 序号 | 登录号 | 条形码 | 馆藏地/架位号 | 状态 | 备注 |
| 1 | 0851680 | 208516809 | 第二样本阅览室/ [索取号:O64/116] | 在馆 | |
| 2 | 0851681 | 208516818 | 第三借阅区/ [索取号:O64/116] | 在馆 | |
| 3 | 0851682 | 208516827 | 第三借阅区/ [索取号:O64/116] | 在馆 | |
| 4 | 0851683 | 208516836 | 第三借阅区/ [索取号:O64/116] | 在馆 | |
| 5 | 0851684 | 208516845 | 第三借阅区/ [索取号:O64/116] | 在馆 | |
| 6 | 0851685 | 208516854 | 第三借阅区/ [索取号:O64/116] | 在馆 | |
| 7 | 0851686 | 208516863 | 第三借阅区/ [索取号:O64/116] | 在馆 | |
| 8 | 0851687 | 208516872 | 第三借阅区/ [索取号:O64/116] | 在馆 | |
| 9 | 0851688 | 208516881 | 第三借阅区/ [索取号:O64/116] | 在馆 | |
| 10 | 0851689 | 208516890 | 第三借阅区/ [索取号:O64/116] | 在馆 | |
| 11 | 0851690 | 208516907 | 第三借阅区/ [索取号:O64/116] | 在馆 | |
| 12 | 0851691 | 208516916 | 第三借阅区/ [索取号:O64/116] | 在馆 |